000 00541nam a2200181Ia 4500
999 _c28972
_d28972
003 OSt
005 20201230114115.0
008 190216s9999||||xx |||||||||||||| ||und||
020 _a9788182643529
040 _coclc
082 _a700
_bPIL/K
100 _aPillai, Mankombu Sivasankara
_97979
245 0 _aKathakali Swaroopam /
_cMankombu Sivasankara Pillai
260 _bMathrubhumi Printing And Publishing,
_aKozhikode:
_c2006.
300 _a308p
650 _aPadanam
942 _cBK
_2ddc
_h700
_iPIL/K
_k700
_mPIL/K